Metal Failures : (Record no. 607122)
[ view plain ]
| 000 -LEADER | |
|---|---|
| fixed length control field | 00349nam a22001217a 4500 |
| 020 ## - INTERNATIONAL STANDARD BOOK NUMBER | |
| International Standard Book Number | 978-1-118-41939-7 |
| 082 ## - DEWEY DECIMAL CLASSIFICATION NUMBER | |
| Classification number | 620.16 |
| Author Mark | MCE |
| 100 ## - MAIN ENTRY--PERSONAL NAME | |
| Personal name | McEvily Arthur J. |
| 9 (RLIN) | 119366 |
| 245 ## - TITLE STATEMENT | |
| Title | Metal Failures : |
| Remainder of title | mechanisms, analysis, prevention / |
| Statement of responsibility, etc. | Arthur J. McEvily |
| 260 ## - PUBLICATION, DISTRIBUTION, ETC. | |
| Place of publication, distribution, etc. | New Jersey ; |
| Name of publisher, distributor, etc. | ohn Wiley, |
| Date of publication, distribution, etc. | 2013. |
| 300 ## - PHYSICAL DESCRIPTION | |
| Extent | 506p. : |
| 942 ## - ADDED ENTRY ELEMENTS (KOHA) | |
| Source of classification or shelving scheme | |
| Koha item type | Book |
| Withdrawn status | Lost status | Source of classification or shelving scheme | Damaged status | Not for loan | Permanent Location | Current Location | Shelving location | Date acquired | Full call number | Barcode | Date last seen | Price effective from | Koha item type |
|---|---|---|---|---|---|---|---|---|---|---|---|---|---|
| School of Mechanical & Manufacturing Engineering (SMME) | School of Mechanical & Manufacturing Engineering (SMME) | Aerospace Engineering | 11/28/2023 | 620.16 MCE | SMME-4537 | 11/28/2023 | 11/28/2023 | Book | |||||
| School of Mechanical & Manufacturing Engineering (SMME) | School of Mechanical & Manufacturing Engineering (SMME) | Aerospace Engineering | 11/28/2023 | 620.16 MCE | SMME-4538 | 11/28/2023 | 11/28/2023 | Book | |||||
| School of Mechanical & Manufacturing Engineering (SMME) | School of Mechanical & Manufacturing Engineering (SMME) | Aerospace Engineering | 11/28/2023 | 620.16 MCE | SMME-4539 | 11/28/2023 | 11/28/2023 | Book |
